| 000 | 01486nam a2200265Ia 4500 | ||
|---|---|---|---|
| 999 |
_c54737 _d54737 |
||
| 001 | 21804 | ||
| 003 | GE_BSU | ||
| 005 | 20220517152226.0 | ||
| 008 | 181216s2017||||ge |||||||||||||| ||geo|| | ||
| 020 | _aISBN:978-9941-11-543-1 | ||
| 040 | _cGE_BSU | ||
| 041 | _ageo | ||
| 080 | _a821.133.1-31+75.071.1(450 მიქელანჯელო) ე-64 | ||
| 100 |
_aენარი, მატიას _913757 |
||
| 245 |
_aესაუბრე ბრძოლებზე, მეფეებსა და სპილოებზე : _bრომანი / _cმატიას ენარი ; ფრანგულიდან თარგმნა თამარ ლომიძემ. |
||
| 264 |
_aთბილისი : _bდიოგენე, _c2017. |
||
| 300 |
_a146 გვ. ; _c19 სმ. |
||
| 500 | _aგარეკანზე : ჯულიანო ბუჯარდინის "მიქელანჯელო ჩალმით" | ||
| 500 | _aწიგნი გამოიცა ფრანგული ინსტიტუტის საგამომცემლო დახმარების პროგრამის ფარგლებში | ||
| 541 | _h3 ლ. | ||
| 653 | _aესაუბრე ბრძოლებზე, მეფეებსა და სპილოებზე | ||
| 653 | _aრომანი | ||
| 700 |
_aლომიძე, თამარ _eმთარგმნელი _913566 |
||
| 942 |
_cBK _2udc |
||